Branding: administracion estrategica de marca/ (Registro nro. 9198)
[ vista simple ]
| 000 -LEADER | |
|---|---|
| fixed length control field | 02060nam a2200217Ia 4500 |
| 005 - FECHA Y HORA DE LA ÚLTIMA TRANSACCIÓN | |
| control field | 20241221155937.0 |
| 008 - FIXED-LENGTH DATA ELEMENTS--GENERAL INFORMATION | |
| fixed length control field | 230906s9999 xx 000 0 und d |
| 020 ## - INTERNATIONAL STANDARD BOOK NUMBER | |
| International Standard Book Number | 9789702612841 |
| 040 ## - CATALOGING SOURCE | |
| Original cataloging agency | UPAN |
| Transcribing agency | Biblioteca San Vicente |
| Description conventions | RCAA2 |
| 041 ## - LANGUAGE CODE | |
| Language code of text/sound track or separate title | spa |
| 082 ## - DEWEY DECIMAL CLASSIFICATION NUMBER | |
| Classification number | 658.827 |
| Item number | K455a |
| año de publicación | 2008 |
| 100 ## - MAIN ENTRY--PERSONAL NAME | |
| Personal name | Keller, Kevin Lane |
| Relator code | aut. |
| 245 #0 - TITLE STATEMENT | |
| Title | Branding: administracion estrategica de marca/ |
| Remainder of title | Kevin Lane Keller |
| 250 ## - EDITION STATEMENT | |
| Edition statement | 3° ed. |
| 260 ## - PUBLICATION, DISTRIBUTION, ETC. (IMPRINT) | |
| Place of publication, distribution, etc | México: |
| Name of publisher, distributor, etc | Pearson, |
| Date of publication, distribution, etc | 2008 |
| 300 ## - PHYSICAL DESCRIPTION | |
| Extent | 692 p.; |
| Dimensions | 27 cm. |
| 505 ## - FORMATTED CONTENTS NOTE | |
| Formatted contents note | Parte I. Perspectivas de apertura<br/>1. Las marcas y la administración de marca<br/>Parte II. Identificación y establecimiento del posicionamiento y valores de la marca<br/>2. Valor capital de la marca basado e el cliente<br/>3. Posicionamiento de la marca<br/>Parte III. Planeación e implementación de programas de marketing de la marca<br/>4. Elegir los elementos de la marca para construir su valor capital<br/>5. Diseño de programas de marketing para construir el valor capital de la marca<br/>6. Integración de las comunicaciones de marketing para construir el valor capital de la marca<br/>7. Apalancamiento de las asociaciones de marcas secundarias para construir el valor capital de la marca<br/>Parte IV: Medición e interpretación del desempeño de la marca<br/>8. Desarrollo de un sistema de administración y medición del valor capital de la marca<br/>9. Medición de las fuentes de valor capital de marca: capturar la mentalidad del cliente<br/>10. Medición de los resultados del valor capital de marca: capturar el desempeño de mercado <br/>Parte V. Crecimiento y sustentabilidad del valor capital de la marca<br/>11. Diseño e implementación de las estrategias de desarrollo de marca<br/>12. Introducir y dar nombre a nuevos productos y extensiones de marca<br/>13. Administración de la marca a través del tiempo<br/>14. Administración de marcas a través de fronteras geográficas y segmentos de mercado <br/>Parte VI. Perspectivas finales<br/>15. Observaciones finales |
| 650 ## - SUBJECT ADDED ENTRY--TOPICAL TERM | |
| Source of heading or term | LEMB |
| General subdivision | Administración |
| 700 ## - ADDED ENTRY--PERSONAL NAME | |
| Personal name | Erika Montserrat Jaasso |
| Relator code | tr. |
| 942 ## - ADDED ENTRY ELEMENTS (KOHA) | |
| Koha item type | Libros |
| Source of classification or shelving scheme | Dewey Decimal Classification |
| Withdrawn status | Lost status | Source of classification or shelving scheme | Damaged status | Not for loan | Collection code | Home library | Current library | Date acquired | Total Checkouts | Full call number | Barcode | Date last seen | Copy number | Price effective from | Koha item type |
|---|---|---|---|---|---|---|---|---|---|---|---|---|---|---|---|
| Dewey Decimal Classification | Colección General | Biblioteca UPAN San Vicente | Biblioteca UPAN San Vicente | 06/09/2023 | 658.827 K455a | 12003855 | 06/09/2023 | 01 | 06/09/2023 | Libros | |||||
| Dewey Decimal Classification | Colección General | Biblioteca UPAN San Vicente | Biblioteca UPAN San Vicente | 06/09/2023 | 658.827 K455a | 12003854 | 08/09/2023 | 02 | 06/09/2023 | Libros | |||||
| Dewey Decimal Classification | Colección General | Biblioteca UPAN San Vicente | Biblioteca UPAN San Vicente | 06/09/2023 | 658.827 K455a | 12003604 | 08/09/2023 | 03 | 06/09/2023 | Libros |